000 00344nam a2200145Ia 4500
008 230711s9999||||xx |||||||||||||| ||und||
041 _aENG
082 _a4
_bGO-O
100 _aWyatt.M.D
245 4 _aThe art of illuminating 
250 _a1st . Ed.
260 _c1994
_aNew Delhi
_bPradeep publishers
650 _aArchitecture
942 _cBK
999 _c3048
_d3048